000
00306nam a2200133Ia 4500
100
_a
Hill/ H.G.
942
_c
RB
654
_a
Repair tools
245
_a
Automotive service and repair Tools
260
_b
Van nostand rainhold
_a
New York
_c
1975
082
_a
629.28702
300
_a
344
546
_a
ENGLISH
999
_c
27435
_d
27435